Statistics for Maritime Borders: between non-bordering Continental Countries

Click here to take the quiz!

General Stats

  • This quiz has been taken 277 times
  • The average score is 49 of 60

Answer Stats

COUNTRY % Correct
Russia
97%
United States
96%
China
94%
Spain
94%
Denmark
92%
Italy
91%
Iran
91%
Egypt
90%
Saudi Arabia
90%
Sweden
90%
India
89%
Oman
88%
Yemen
88%
Turkey
88%
Germany
88%
Tunisia
87%
Algeria
87%
Norway
87%
Morocco
87%
Greece
87%
Finland
87%
Estonia
87%
Croatia
87%
Poland
86%
South Korea
86%
Kuwait
85%
Albania
85%
Latvia
85%
Somalia
84%
Qatar
84%
Libya
84%
Lithuania
84%
Portugal
83%
United Arab Emirates
83%
Eritrea
82%
Mexico
82%
Djibouti
81%
Pakistan
80%
Malaysia
80%
Vietnam
79%
Ukraine
79%
Thailand
78%
Montenegro
78%
Colombia
76%
Belize
73%
Costa Rica
73%
Sudan
73%
Georgia
73%
Honduras
73%
El Salvador
72%
Romania
72%
Jordan
72%
Nicaragua
71%
Ecuador
68%
Azerbaijan
66%
Nigeria
62%
Turkmenistan
61%
Ghana
59%
Benin
58%
Equatorial Guinea
56%

Score Distribution

Percentile by Number Answered

Percent of People with Each Score

Your Score History

You have not taken this quiz